Body Parts in the Names of U.S. Cities - Statistics

General Stats
  • This quiz has been taken 33 times
  • The average score is 10 of 28
Answer Stats
Hint Answer % Correct
Nags ____, North Carolina (Pop. 3,106) Head
83%
Ports____, Virginia (Pop. 96,482) Mouth
83%
____erfield, Missouri (Pop. 49,465) Chest
63%
Sacred ____, Minnesota (Pop.484) Heart
63%
____tree, Massachusetts (Pop. 39,134) Brain
58%
____rville, Illinois (Pop. 153,124) Nape
58%
____ial Heights, Virginia (Pop. 18,674) Colon
50%
____more, California (Pop. 84,867) Liver
50%
____ Shoals, Alabama (Pop. 17,409) Muscle
50%
____ada, Michigan (Pop. 1,687) Arm
42%
Sleepy ____, Minnesota (Pop. 3,489) Eye
42%
Black____, Idaho (Pop. 13,224) Foot
33%
Great ____, New York (Pop. 11,705) Neck
33%
____comb, Alabama (Pop. 2,019) Lips
29%
____ Lake, Minnesota (Pop. 1,276) Elbow
25%
Grot____, Virginia (Pop. 3,036) Toes
25%
Green____, Tennessee (Pop. 1,224) Back
21%
En____, Arkansas (Pop. 2,427) Gland
21%
____ Mountain, Wisconsin (Pop. 7,275) Rib
21%
____ly, Texas (Pop. 3,174) Ear
17%
Ba____, Louisiana (Pop. 208) Skin
17%
____ Springs, Arkansas (Pop. 91) Gum
13%
Ochloc____, Georgia (Pop. 681) Knee
13%
Bow ____, Oklahoma (Pop. 349) Legs
13%
____stown, Illinois (Pop. 5,803) Beard
8%
____ley, West Virginia (Pop. 212) Hand
8%
____ Level, Pennsylvania (Pop. 722) Scalp
8%
Steel____, South Dakota (Pop. 259) Bone
4%
No matching quizzes found
Score Distribution
Percent of People with Each Score
Percentile by Number Answered
Your Score History
You have not taken this quiz